000 00821nam a2200205 i 4500
001 189870
003 ES-MaACL
005 20240514175311.0
008 191213s1975 sp |||| | spa d
100 1 _aEspadas Burgos, Manuel.
_947744
245 1 0 _aAlfonso XII y los origenes de la Restauración /
_cManuel Espadas Burgos ; prólogo de Vicente Palacio Atard.
260 _aMadrid :
_bC.S. I.C. Escuela de Historia Moderna,
_c1975.
300 _aXXXIII p., 1 h., 427 p., 1 h. : lám. ;
_c25 cm.
490 1 _aHistoria de España en el Mundo Moderno ;
_v5
651 4 _aEspaña-
_xHistoria-
_y1874-1885, Alfonso XII.
_98265
700 1 _aPalacio Atard, Vicente,
_d1920-2013
_988374
830 0 _aHistoria de España en el mundo moderno
_v5
_9193453
852 _aES-MaACL
_jP-1192-4
999 _c189870
_d189870